| 000 | 00422nam a22001697a 4500 | ||
|---|---|---|---|
| 003 | NUST - PNEC | ||
| 005 | 20170116181028.0 | ||
| 008 | 150918b xxu||||| |||| 00| 0 eng d | ||
| 020 | _a0132129949 | ||
| 040 | _cLIBRARY | ||
| 082 | _a621.381537 MAN | ||
| 100 |
_910903 _a Mano, M. Morris |
||
| 245 |
_aDigital design _cM. Morris,Mano |
||
| 250 | _a2nd ed | ||
| 650 |
_910904 _aLogic circuits _xGENERAL |
||
| 942 |
_2ddc _cBK |
||
| 999 |
_c67615 _d67615 |
||